000 002490000a22000970004500
100 1 _aSchreiner, Thomas R.
245 1 0 _a"Works of law" in Paul
300 _aVol. 33, Num. 3 (Julio, 1991), Páginas 217-244
773 0 _tNovum Testamentum
942 _cANA
999 _c56812
_d56812